000 00661nam a2200253Ia 4500
005 20260121153843.0
008 008 260114s9999 xx 000 0 eng d
020 _a9781351168960
037 _aEBOOK
040 _aCRL
040 _beng
040 _cCRL
041 _2eng
041 _aeng
084 _qCRL
100 _aBenjamin de Carvalho; Julia Costa Lopez; Halvard Leira
_9999949
245 0 _aRoutledge Handbook of Historical International Relations
260 _bTaylor and Francis
260 _c2021
856 _uhttp://www.taylorfrancis.com/books/9781351168960
942 _cEBOOK
999 _c1566770
_d1566770